Finnisharchitecture 1900-2000
Сохранить в:
| Главный автор: | |
|---|---|
| Формат: | |
| Язык: | английский |
| Опубликовано: |
Helsinki
Museum of Finnish Architecture
2008
|
| Предметы: | |
| Метки: |
Добавить метку
Нет меток, Требуется 1-ая метка записи!
|
MARC
| LEADER | 00000nam a2200000 a 4500 | ||
|---|---|---|---|
| 001 | UCG5821 | ||
| 003 | CL-VaPUC | ||
| 008 | 110324e20080000FI |||||||||||||||||eng|d | ||
| 020 | |a 9789525195309 | ||
| 082 | 0 | 4 | |a 724.6 |b RAU |2 21 |
| 100 | 0 | |a Rauske, Eija |e author |9 555673 | |
| 245 | 1 | 0 | |a Finnisharchitecture 1900-2000 |
| 300 | |a 160 p | ||
| 942 | |c BK | ||
| 945 | |d 20110324 00:00:00 |a dcastane | ||
| 260 | |a Helsinki |b Museum of Finnish Architecture |c 2008 | ||
| 650 | 0 | |a Arquitectura |y Siglo 20 |9 266208 | |
| 650 | 0 | |a Historia de la arquitectura |9 266241 | |
| 650 | 7 | |a EDIFICIOS ARTISTICOS |2 CL-VaPUC |9 555674 | |
| 651 | 7 | |a FINLANDIA |2 CL-VaPUC |9 268919 | |
| 583 | |a last modification |c 20110324 00:00:00 |k Rodrigo Vera | ||
| 999 | |c 344183 |d 344181 | ||
| 952 | |0 0 |1 0 |4 0 |6 724_600000000000000_RAU_2008 |7 0 |8 A |9 442012 |a BIBARQ |b BIBARQ |d 2019-11-22 |i 4758013 |o 724.6 RAU 2008 |p 4758013 |r 2025-01-20 |w 2019-11-22 |y BK |k ARQ | ||